Tapestries in sand : the spirit of indian sandpainting
Saved in:
| Main Author: | |
|---|---|
| Format: | Book |
| Language: | English |
| Published: |
California :
Naturegraph,
1963.
|
| Subjects: | |
| Tags: |
Add Tag
No Tags, Be the first to tag this record!
|
MARC
| LEADER | 00000cam a2200000 a 4500 | ||
|---|---|---|---|
| 001 | 1/122515 | ||
| 008 | 210120s1963####cau|||||||||||||| ||eng|| | ||
| 040 | |a GR-MyUa |b gre |c GR-MyUa |e AACR2 | ||
| 041 | 0 | |a eng | |
| 082 | 7 | |a 970.479 |2 (23) | |
| 100 | 1 | |a Villasenor, David V. | |
| 245 | 1 | 0 | |a Tapestries in sand : |b the spirit of indian sandpainting / |c David V. Villasenor. |
| 260 | |a California : |b Naturegraph, |c 1963. | ||
| 300 | |a 112 σ. ; |c 22 εκ. | ||
| 650 | 0 | |a Indians of North America |z Southwest, New. | |
| 650 | 0 | |a Indian mythology |z North America. | |
| 852 | |a INST |b LESVOS |e 20210120 |h 970.479 VIL |p 005100062104 |q 005100062104 |t BK |y 0 | ||
| 920 | |a Χαραλαμπίδης |b Βασίλης |y Λέσβος |z 2015-05 | ||
| 970 | |a Καμάτσου |b Δέσποινα |z 20-01-2021 | ||